000 00489nam a22001697a 4500
003 MACL
005 20160203162814.0
008 160203b xxu||||| |||| 00| 0 eng d
040 _cMACL
041 _aHindi
082 _a891.431/BHA
100 _aभास्‍कर रामवीर
_936735
245 _aआत्‍म मंथन
260 _aदिल्‍ली
_bएस कुमार एण्‍ड कं
_c2014
650 _aकविता
_9226
942 _2ddc
_cHIN
999 _c53136
_d53136